Social housing (Record no. 107292)

MARC details
000 -LEADER
fixed length control field 01457cam a22002415a 4500
001 - CONTROL NUMBER
control field L139307
008 - FIXED-LENGTH DATA ELEMENTS--GENERAL INFORMATION
fixed length control field 070725s2007 xxk f 000 0 eng d
020 ## - INTERNATIONAL STANDARD BOOK NUMBER
International Standard Book Number 1905370229
035 ## - SYSTEM CONTROL NUMBER
System control number (Sirsi) u139307
041 0# - LANGUAGE CODE
Language code of text/sound track or separate title eng
050 04 - LIBRARY OF CONGRESS CALL NUMBER
Classification number 306.11 $2 18
110 2# - MAIN ENTRY--CORPORATE NAME
Corporate name or jurisdiction name as entry element The Smith Institute
9 (RLIN) 5291
245 00 - TITLE STATEMENT
Title Social housing
Remainder of title breaking new ground
Medium [electronic resource]
260 ## - PUBLICATION, DISTRIBUTION, ETC.
Place of publication, distribution, etc. London
Name of publisher, distributor, etc. The Smith Institute
Date of publication, distribution, etc. 2007
520 ## - SUMMARY, ETC.
Summary, etc. Reports on the causes and effects of increased demand for social housing. Supply has failed to keep pace with demographic changes such as an ageing population, and increases in immigration and single households. At the same time, groups who would expect to have moved out of public housing are finding private prices unaffordable. Housing market imbalances are continue to put pressure on the national housing stock. There is a need for changes in planning, tenure, regulation and finance in relation to public housing. An improvement in quality and quantity is necessary. The challenge is to effect this without harming current tenants.
590 ## - LOCAL NOTE (RLIN)
Local note KA
650 24 - SUBJECT ADDED ENTRY--TOPICAL TERM
Topical term or geographic name entry element Affordable housing
9 (RLIN) 6215
651 #4 - SUBJECT ADDED ENTRY--GEOGRAPHIC NAME
Geographic name United Kingdom
Chronological subdivision
690 ## - LOCAL SUBJECT ADDED ENTRY--TOPICAL TERM (OCLC, RLIN)
Topical term or geographic name as entry element PROPERTY-RESIDENTIAL PROPERTY-RESIDENTIAL PROPERTY TENURE-LEASEHOLD RESIDENTIAL PROPERTY
700 1# - ADDED ENTRY--PERSONAL NAME
Personal name Foster, Andrew
856 40 - ELECTRONIC LOCATION AND ACCESS
Uniform Resource Identifier <a href="https://www.smith-institute.org.uk/publications.htm">https://www.smith-institute.org.uk/publications.htm</a>
Public note View the article free of charge at www.smith-institute.org.uk/publications.htm...
942 ## - ADDED ENTRY ELEMENTS (KOHA)
Suppress in OPAC 0
Holdings
Withdrawn status Lost status Source of classification or shelving scheme Damaged status Not for loan Home library Current library Shelving location Date acquired Total Checkouts Full call number Barcode Date last seen Copy number Price effective from Koha item type
    Dewey Decimal Classification     Virtual Virtual Online 25/07/2007   ONLINE PUBLICATION 139307-1001 06/08/2019 1 06/08/2019 Book